|
|
|
|
| LEADER |
00810nam a2200205 i 4500 |
| 001 |
c000246860 |
| 003 |
CARM |
| 005 |
00000000000000.0 |
| 008 |
840311s1967 nyu 0 eng d |
| 019 |
1 |
|
|a 1451859
|5 LACONCORD2021
|
| 035 |
|
|
|a (OCoLC)176674
|5 LACONCORD2021
|
| 082 |
0 |
4 |
|a 338.91
|
| 100 |
1 |
|
|a Aubrey, Henry G.
|
| 245 |
1 |
0 |
|a Atlantic economic cooperation :
|b the case of the OECD.
|
| 260 |
|
|
|a New York :
|b Published for the Council on Foreign Relations [by] Praeger ,
|c [1967].
|
| 300 |
|
|
|a 214 p.
|
| 610 |
2 |
0 |
|a Organisation for Economic Co-operation and Development.
|
| 852 |
8 |
|
|b CARM
|h A1:AP05B0
|i B07193
|p 0366903
|f BK
|
| 999 |
f |
f |
|i 5e407dc9-19ca-5d98-8e8d-87203dbef7d8
|s be8fad72-c18e-5e0e-9235-732a8029b3ad
|
| 952 |
f |
f |
|p Can circulate
|a CAVAL
|b CAVAL
|c CAVAL
|d CARM 1 Store
|e B07193
|f A1:AP05B0
|h Other scheme
|i book
|m 0366903
|